V Gemer Expo sa pripravujú na podnikanie v Európskej únii na výstave sa predviedol aj výrobca guľovej šachovnice

Bibliographic Details
Main Author: Mazurková, Renáta, 1972- (Author)
Format: Article
Language:Slovak
Subjects:

MARC

LEADER 00000nab a2200000 a 4500
001 vtls001012120
003 SK-MaSNL
005 20260303041912.0
008 040720e20030917xo 0 slo
035 |a RV12720 
040 |a RVGKPD  |b slo  |c RVGKPD  |e AACR2 
041 0 |a slo 
044 |a xo  |c SK 
080 |a 061.4  |2 1981 
100 1 |a Mazurková, Renáta,  |d 1972-  |4 aut  |9 859052 
245 1 0 |a V Gemer Expo sa pripravujú na podnikanie v Európskej únii  |b na výstave sa predviedol aj výrobca guľovej šachovnice 
300 |b 1 foto 
518 |a 2003 
611 1 7 |a Gemer Expo  |2 RVGKPD  |9 1027460 
650 0 7 |a výstavy  |2 RVGKPD  |9 2780 
651 7 |a Rožňava (Slovensko)  |2 RVGKPD  |9 17394 
773 0 8 |t Gemerský denník  |g Roč. 5, č.213, 17.9.2003, s. 3 
852 |a ZVYKNI  |b KIS3GCP 
999 |c 1689618  |d 1691548